1963: Revolución Inconclusa (Record no. 7557)

MARC details
000 -LEADER
campo de control de longitud fija 00389nam a2200145Ia 4500
001 - NÚMERO DE CONTROL
campo de control 3394
008 - DATOS DE LONGITUD FIJA--INFORMACIÓN GENERAL
campo de control de longitud fija 241024s9999 xx 000 0 und d
020 ## - NÚMERO INTERNACIONAL ESTÁNDAR DEL LIBRO
Número Internacional Estándar del Libro 978-9945-00-913-2
082 ## - NÚMERO DE LA CLASIFICACIÓN DECIMAL DEWEY
Número de clasificación RD/972.93054/AC185r
100 ## - ENTRADA PRINCIPAL--NOMBRE DE PERSONA
Nombre de persona Eliades Acosta Matos
245 #0 - MENCIÓN DEL TÍTULO
Título 1963: Revolución Inconclusa
260 ## - PUBLICACIÓN, DISTRIBUCIÓN, ETC.
Nombre del editor, distribuidor, etc. Archivo General de la Nación
Fecha de publicación, distribución, etc. 2013
901 ## - ELEMENTOS DE DATOS A LOCAL LDA (RLIN)
a 21/10/2013 10:10:09 a.m.

No items available.

© 2024. Todos los Derechos Reservados. Desarrollado por IDEICE